Grandpa tell me about...!! : the earth day

Bibliographic Details
Format: Book
Published: [s.l] : Priority Publications , 2013
Series:Grandpa tell me about...!!
Subjects:

MARC

LEADER 00000cam a2200000 7i4500
001 0000054130
005 20220105104201.0
008 151102
020 |a 9788180221613 
090 0 0 |a JP   |b SC ENG 
245 1 0 |a Grandpa tell me about...!! :   |b the earth day 
260 |a [s.l] :   |b Priority Publications ,   |c 2013 
490 0 |a Grandpa tell me about...!! 
500 |a Children age 4-6 years old (yellow) 
650 0 |a Science fiction 
999 |a 0001362976   |b Book   |c Children Collection   |e Cawangan Urban Transformation Centre 
999 |a 0001362977   |b Book   |c Children Collection   |e Cawangan AEON Kulaijaya 
999 |a 0001363574   |b Book   |c Children Collection   |e Cawangan Segamat 
999 |a 0001363575   |b Book   |c Children Collection   |e Cawangan Tmn. Ungku Tun Aminah 
999 |a 0001363576   |b Book   |c Children Collection   |e Cawangan Batu Pahat 
999 |a 0001363577   |b Book   |c Children Collection   |e Cawangan Tangkak 
999 |a 0001363579   |b Book   |c Children Collection   |e Cawangan Pontian 
999 |a 0001363580   |b Book   |c Children Collection   |e Cawangan Sri Merlong 
999 |a 0001363581   |b Book   |c Children Collection   |e Cawangan Bukit Gambir 
999 |a 0001363582   |b Book   |c Banned Items   |e Cawangan Kota Tinggi 
999 |a 0001363583   |b Book   |c Children Collection   |e Cawangan Mersing 
999 |a 0001363584   |b Book   |c Children Collection   |e Cawangan Bandar Tenggara 
999 |a 0001363585   |b Book   |c Children Collection   |e Cawangan Bandar Penawar 
999 |a 0001363586   |b Book   |c Children Collection   |e Cawangan Taman Universiti 
999 |a 0001363587   |b Book   |c Children Collection   |e Cawangan Taman Sri Lambak